Realising systems thinking : knowledge and action in management science
Αποθηκεύτηκε σε:
| Κύριος συγγραφέας: | |
|---|---|
| Μορφή: | Βιβλίο |
| Γλώσσα: | English |
| Δημοσίευση: |
New York, NY :
Springer,
c2006
|
| Σειρά: | Contemporary systems thinking ;
; 14 |
| Θέματα: | |
| Ετικέτες: |
Προσθήκη ετικέτας
Δεν υπάρχουν, Καταχωρήστε ετικέτα πρώτοι!
|
MARC
| LEADER | 00000nam a2200000 i 4500 | ||
|---|---|---|---|
| 001 | 1/64482 | ||
| 008 | 071126s2006 eng d | ||
| 020 | |a 978-0387-28188-9 | ||
| 020 | |a 0-387-28188-6 | ||
| 035 | |l 10092551 | ||
| 040 | |a GR-MY-UA |b gre |e aacr | ||
| 041 | 0 | |a eng | |
| 082 | 0 | |a 658 |2 (22) | |
| 100 | 1 | |a Mingers, John. | |
| 245 | 1 | 0 | |a Realising systems thinking : |b knowledge and action in management science / |c John Mingers |
| 260 | |a New York, NY : |b Springer, |c c2006 | ||
| 300 | |a xiii,312 σ.; |b εικ.; |c 24 εκ. | ||
| 490 | 1 | |a Contemporary systems thinking |v ; 14 | |
| 504 | |a Περιέχει βιβλιογραφικές παραπομπές (σ. [259]-296) και ευρετήριο. | ||
| 650 | 0 | 0 | |a Management science. |
| 650 | 0 | 0 | |a System theory. |
| 830 | 0 | |a Contemporary systems thinking ; |v ; 14 | |
| 852 | |a INST |b SAMOS |e 20071126 |h 658 MIN |p 005300027683 |q 005300027683 |t BK |y 0 | ||
| 901 | |a BIBL3-2007-3 | ||
| 909 | |a Σ |b 140226 | ||
| 922 | |a 3ΕΛΗ |b 200711 |c ΕΠΕΑΕΚ2/ΤΜΠΕΣ |d ΠΑΠΑΣΩΤΗΡΙΟΥ | ||
| 970 | |a ΣΙΤΖΙΜΗ |b ΓΙΑΣΕΜΗ |z 2007/11/26 | ||